00629nam a2200181Ia 4500003000900000008004100009040001600050080001600066100003400082245011000116260003400226300001400260650003400274650002800308942000700336999001300343952009100356IN-BaIIA211028s9999 xx 000 0 eng d cIIA Library a535.33bKOV aKovesligethy, Rudolf V.91785 0aGrundzuge einer theoretischen spektralanalysecRudolf V. Kovesligethy  aHallebDruck Und Verlagc1890 axi, 327p. aAstronomical Techniques91786 aSpectral Analysis91733 cBK c836d836 00104070aBANbKODcGENd0000-00-00l0o535.33/ KOVp862r2021-11-05w0000-00-00yBK